000 00329nam a2200133Ia 4500
008 190216s9999||||xx |||||||||||||| ||und||
100 _aSubrahmanyam.N
245 0 _aIntroduction To Computers
250 _a1st Ed.
260 _bTata Mcgraw Hill Publishing Company Ltd
_c1994
300 _a238
650 _aComputer
942 _cBK
999 _c8501
_d8501